00329 a2200121 450000100060000010000190000624500220002526000190004709000150006694200230008199900190010495200840012311972 aCapalombar, J. aPolitical parties abNew Jerseyc c9225d9225 aNUST-CAEcMc36073 c247045d247045 001040708NFICaCAEbCAEd2017-04-03l0pCAE49352r2017-04-05w2017-04-05yBK